Fraudes Eletrn̥icas e a Proteȯ̂ do Consumidor nas Compras via Internet

Bibliographic Details
Main Author: Suzuki, Carlos Mikio
Format: eBook
Language:Portuguese
Published: Sô Paulo : Editora NELPA, 2012
Subjects:
Online Access:http://www.vlex.com/source/6782

MARC

LEADER 00000nam a22000007a 4500
005 20130122154227.0
007 cr|||| ||||
008 130122e2012 bl |||||s|||| 00||0 por d
020 |a 8580201748 
035 |a 6782 
040 |a vLex 
090 |c 3576  |d 3576 
100 1 0 |a Suzuki, Carlos Mikio 
245 1 0 |a Fraudes Eletrn̥icas e a Proteȯ̂ do Consumidor nas Compras via Internet  |h [Recurso electrn̤ico] 
256 |a Servicio en ln̕ea 
260 |a Sô Paulo :  |b Editora NELPA,   |c 2012 
300 |a 1 Recurso electrn̤ico 
650 0 4 |a Comercio electrn̤ico  |z Brasil 
650 0 4 |2 Intercambio electrn̤ico de datos  |z brasil 
740 |a vLex Libros (Servicio en ln̕ea) 
856 |a Acceso restringido  |u http://www.vlex.com/source/6782 
942 |c BOOK 
999 0 |a Electronic commerce